| 000 | 00468nam a2200145 a 4500 | ||
|---|---|---|---|
| 001 | 000043892 | ||
| 005 | 20201002045030.0 | ||
| 008 | 140508s2009 cl ac 000 0 spa d | ||
| 020 | _a9788483470978 | ||
| 040 |
_aDO-SdBNP _bspa _cBNPHU |
||
| 245 | 0 | 0 |
_aCantos de Desarraigo : _btravesia de las costa pacifica. |
| 260 |
_a[s.l.] : _b(FUNDARTECP), _c2009. |
||
| 300 |
_a169 p. : _bil., retrs. ; _c13 cm. |
||
| 710 | 2 |
_aFundación Arte y Cultura del Pacifico (FUNDARTECP) _971787 |
|
| 999 |
_c43381 _d43381 |
||